[Event "TOP 16 Poule Haute"]
[Site "Le Port Marly FRA"]
[Date "2009.05.29"]
[Round "9"]
[White "Nezar, M."]
[Black "Skripchenko, A."]
[Result "1/2-1/2"]
[WhiteElo "2394"]
[BlackElo "2449"]
[PlyCount "35"]
[EventDate "2009.05.28"]

1. c4 e5 2. Nc3 Nc6 3. g3 f5 4. Bg2 Nf6 5. e3 d5 6. Nxd5 Nxd5 7. cxd5 Nb4 8. d3
Nxd5 9. Nf3 Bd6 10. O-O Nf6 11. e4 fxe4 12. dxe4 O-O 13. Qc2 Qe8 14. Nh4 Qh5
15. Nf5 Bxf5 16. exf5 e4 17. Bxe4 Nxe4 18. Qxe4 1/2-1/2

[Event "TOP 16 Poule Haute"]
[Site "Le Port Marly FRA"]
[Date "2009.05.29"]
[Round "9"]
[White "Gaponenko, I."]
[Black "Iglesias, Joa"]
[Result "1-0"]
[WhiteElo "2428"]
[BlackElo "2229"]
[PlyCount "65"]
[EventDate "2009.05.28"]

1. e4 c5 2. Nf3 d6 3. d4 cxd4 4. Nxd4 Nf6 5. Nc3 g6 6. Be3 Bg7 7. f3 Nc6 8. Bc4
O-O 9. Bb3 Bd7 10. h4 Qa5 11. Qd2 Rfc8 12. O-O-O Ne5 13. Kb1 Nc4 14. Bxc4 Rxc4
15. Nb3 Qc7 16. g4 Be6 17. h5 Rc8 18. hxg6 hxg6 19. Bh6 Bh8 20. Bf8 Nh5 21.
gxh5 Kxf8 22. hxg6 Bxc3 23. bxc3 Ke8 24. e5 Rxc3 25. exd6 exd6 26. Rh8+ Kd7 27.
Rxc8 Kxc8 28. g7 f6 29. Qxd6 Qxd6 30. Rxd6 Bg8 31. Rxf6 Kd7 32. Rf8 Bh7 33. Rh8
1-0

[Event "TOP 16 Poule Haute"]
[Site "Le Port Marly FRA"]
[Date "2009.05.29"]
[Round "9"]
[White "Congiu, M."]
[Black "Mullon, J."]
[Result "0-1"]
[WhiteElo "2212"]
[BlackElo "2333"]
[PlyCount "80"]
[EventDate "2009.05.28"]

1. e4 e6 2. d4 c5 3. c3 d5 4. exd5 exd5 5. Nf3 Bd6 6. Bd3 Nc6 7. O-O Nge7 8. h3
O-O 9. dxc5 Bxc5 10. Qc2 Ng6 11. Bg5 Qd6 12. Kh1 Bb6 13. Na3 a6 14. Rad1 Bc7
15. Rfe1 h6 16. Bc1 Nh4 17. Nc4 Qf6 18. Nxh4 Qxh4 19. Ne3 Bxh3 20. gxh3 Qxh3+
21. Kg1 Ne5 22. Be2 Ng6 23. Bg4 Qh2+ 24. Kf1 Qh1+ 25. Ke2 Nf4+ 26. Kd2 Qh2 27.
Qf5 d4 28. cxd4 g6 29. Qf6 Rac8 30. Bxc8 Rxc8 31. Qxf4 Qxf4 32. Ke2 Bb6 33. d5
Bxe3 34. Bxe3 Rc2+ 35. Kf1 Qc4+ 36. Kg1 Qg4+ 37. Kh2 Rc4 38. b3 Re4 39. d6 Qf3
40. Rd4 Rxd4 0-1

[Event "TOP 16 Poule Haute"]
[Site "Le Port Marly FRA"]
[Date "2009.05.29"]
[Round "9"]
[White "Bogner, S."]
[Black "Kazhgaleyev, M."]
[Result "0-1"]
[WhiteElo "2511"]
[BlackElo "2626"]
[PlyCount "62"]
[EventDate "2009.05.28"]

1. d4 d5 2. c4 c6 3. Nf3 Nf6 4. e3 Bg4 5. Qb3 Qb6 6. Nc3 e6 7. Nh4 Bh5 8. h3
Be7 9. g4 Bg6 10. Nxg6 hxg6 11. Bg2 dxc4 12. Qxc4 Nbd7 13. Bd2 Qc7 14. O-O-O
Nb6 15. Qb3 a5 16. a4 Nbd5 17. Kb1 O-O 18. g5 Nxc3+ 19. bxc3 Nd5 20. c4 Ra6 21.
Kc2 Nb4+ 22. Bxb4 axb4 23. h4 Rfa8 24. Ra1 b5 25. c5 Rxa4 26. Rxa4 Rxa4 27. Be4
Bxc5 28. Rc1 Bf8 29. Kb1 c5 30. dxc5 Qe5 31. f3 Ra1+ 0-1

[Event "TOP 16 Poule Haute"]
[Site "Le Port Marly FRA"]
[Date "2009.05.29"]
[Round "9"]
[White "Tkachiev, V."]
[Black "Abergel, T."]
[Result "1/2-1/2"]
[WhiteElo "2657"]
[BlackElo "2497"]
[PlyCount "100"]
[EventDate "2009.05.28"]

1. d4 d5 2. c4 c6 3. Nf3 Nf6 4. Qb3 e6 5. Bg5 Nbd7 6. Nc3 Be7 7. e3 O-O 8. Rd1
Re8 9. Bd3 b6 10. O-O Bb7 11. cxd5 exd5 12. Qc2 g6 13. Bf4 Nh5 14. Bh6 Bf8 15.
Bxf8 Kxf8 16. Rfe1 Kg7 17. b4 Nhf6 18. Qb2 Kg8 19. Nd2 Rb8 20. Nb3 Qe7 21. a3
Qd6 22. f3 Nh5 23. e4 Nf4 24. Bf1 a6 25. Qf2 Ne6 26. e5 Qe7 27. f4 a5 28. f5
gxf5 29. bxa5 Qxa3 30. Rb1 bxa5 31. Qg3+ Kh8 32. Qd3 Ba8 33. Nd2 Rxb1 34. Rxb1
a4 35. Nf3 Rg8 36. Kh1 c5 37. Qc2 Nxd4 38. Nxd4 cxd4 39. Nb5 Qe7 40. Qxa4 Qxe5
41. Qxd4 Qxd4 42. Nxd4 f4 43. Rc1 Ne5 44. Rc7 Kg7 45. Kg1 Kf6 46. Ra7 Rb8 47.
Ra6+ Ke7 48. Bb5 Kd8 49. Rf6 Kc7 50. h3 Rb6 1/2-1/2

[Event "TOP 16 Poule Haute"]
[Site "Le Port Marly FRA"]
[Date "2009.05.29"]
[Round "9"]
[White "Fargere, Fr"]
[Black "Fontaine, R."]
[Result "1-0"]
[WhiteElo "2459"]
[BlackElo "2546"]
[PlyCount "105"]
[EventDate "2009.05.28"]

1. e4 e5 2. Nf3 Nc6 3. Bb5 f5 4. Nc3 fxe4 5. Nxe4 Nge7 6. d4 d5 7. Ng3 e4 8.
Ne5 h5 9. Nxh5 Qd6 10. c3 a6 11. Bxc6+ Nxc6 12. Bf4 Qe6 13. Nxc6 bxc6 14. Be5
Qf7 15. Qa4 Bd7 16. Ng3 Bd6 17. Bxd6 cxd6 18. Qc2 Rb8 19. Rd1 Bg4 20. Rd2 Qf4
21. Nf1 Kd7 22. h3 g5 23. Ne3 Be6 24. Qd1 a5 25. b3 Rbg8 26. c4 g4 27. cxd5
Bxd5 28. g3 Qf3 29. Qxf3 gxf3 30. Rc2 Be6 31. h4 Rb8 32. h5 a4 33. bxa4 Rb1+
34. Nd1 Bg4 35. Kd2 Rxh5 36. Rxh5 Bxh5 37. Nc3 Rf1 38. Ke3 Bg6 39. Rb2 Rc1 40.
Kd2 Rf1 41. Ke3 Rc1 42. Rb3 Kc7 43. a5 Bf7 44. Ra3 Re1+ 45. Kd2 Rf1 46. a6 Kb8
47. a7+ Ka8 48. Nxe4 Bd5 49. Nc3 Rxf2+ 50. Ke3 Rf1 51. Nxd5 cxd5 52. Ra4 f2 53.
Ke2 1-0

[Event "TOP 16 Poule Haute"]
[Site "Le Port Marly FRA"]
[Date "2009.05.29"]
[Round "9"]
[White "Wirig, A."]
[Black "Leconte, M."]
[Result "1-0"]
[WhiteElo "2472"]
[BlackElo "2334"]
[PlyCount "87"]
[EventDate "2009.05.28"]

1. c4 Nf6 2. Nc3 e6 3. Nf3 d5 4. d4 c6 5. Bg5 Nbd7 6. e3 Be7 7. Rc1 h6 8. Bh4
O-O 9. Bd3 dxc4 10. Bxc4 b5 11. Bd3 Bb7 12. O-O a6 13. Bxf6 Bxf6 14. Ne4 Be7
15. Qc2 Qb8 16. Qc3 b4 17. Qb3 Qa7 18. Bb1 g6 19. Nc5 Nxc5 20. dxc5 Rad8 21.
Qxb4 Rd5 22. Be4 Rxc5 23. Rxc5 Bxc5 24. Qc4 Rd8 25. h4 Be7 26. Bxg6 Rd5 27. Be4
Rb5 28. Rd1 Rb4 29. Qc2 Qb6 30. b3 f5 31. Bd3 Rg4 32. Bc4 Re4 33. Bd3 Rg4 34.
Bc4 Re4 35. Rd7 Kf8 36. Qc3 Ke8 37. Rd1 e5 38. Qd2 Bc8 39. Bd3 Rg4 40. Nxe5
Rxh4 41. g3 Rh5 42. f4 Be6 43. Be2 Rh3 44. Kg2 1-0

[Event "TOP 16 Poule Haute"]
[Site "Le Port Marly FRA"]
[Date "2009.05.29"]
[Round "9"]
[White "Fischer, Marc FRA"]
[Black "Levacic, P."]
[Result "1/2-1/2"]
[WhiteElo "2213"]
[BlackElo "2307"]
[PlyCount "68"]
[EventDate "2009.05.28"]

1. Nf3 Nf6 2. g3 g6 3. Bg2 Bg7 4. c4 d6 5. Nc3 O-O 6. O-O e5 7. d3 Nc6 8. Rb1
a5 9. a3 h6 10. b4 axb4 11. axb4 Be6 12. e4 Nh7 13. Nd5 Ng5 14. Nxg5 hxg5 15.
Qd2 g4 16. Qg5 Bxd5 17. Qxd8 Rfxd8 18. cxd5 Nd4 19. Bb2 Nb5 20. Ra1 b6 21. h3
Bh6 22. Rfd1 Rxa1 23. Rxa1 gxh3 24. Bxh3 Bd2 25. Ra4 Kf8 26. f4 Be3+ 27. Kg2
Bd4 28. Bxd4 Nxd4 29. Bg4 Ke7 30. Ra1 Rb8 31. Kf2 Rb7 32. Bc8 Rb8 33. Bg4 Rb7
34. Bc8 Rb8 1/2-1/2

[Event "TOP 16 Poule Haute"]
[Site "Le Port Marly FRA"]
[Date "2009.05.29"]
[Round "9"]
[White "Giroyan, G."]
[Black "Muller, Ann"]
[Result "1-0"]
[WhiteElo "2168"]
[BlackElo "2163"]
[PlyCount "87"]
[EventDate "2009.05.28"]

1. e4 c5 2. Nf3 d6 3. d4 cxd4 4. Nxd4 Nf6 5. Nc3 e6 6. Bc4 Be7 7. Be3 Nc6 8.
Qe2 a6 9. O-O-O Qc7 10. Bb3 b5 11. Nxc6 Qxc6 12. f3 O-O 13. Qf2 Nd7 14. Nd5 Bd8
15. Qg3 Kh8 16. Bf4 e5 17. Be3 a5 18. a3 Rb8 19. Rd2 b4 20. a4 Nc5 21. Bxc5
Qxc5 22. Rhd1 Be6 23. Kb1 Rc8 24. h4 Qa7 25. Qe1 Bxd5 26. Rxd5 Bc7 27. g4 Rcd8
28. h5 Qb8 29. Qh4 f6 30. g5 f5 31. g6 h6 32. Rb5 Bb6 33. Bf7 f4 34. Qe7 Qa7
35. Qxa7 Bxa7 36. Rxa5 Bc5 37. Bd5 Rb8 38. Ka2 Rfc8 39. Kb3 Rc7 40. Ra1 Rd8 41.
Rb5 Re7 42. a5 Rc7 43. a6 Re7 44. Rxc5 1-0

[Event "TOP 16 Poule Haute"]
[Site "Le Port Marly FRA"]
[Date "2009.05.29"]
[Round "9"]
[White "Adla, D."]
[Black "Prie, E."]
[Result "1/2-1/2"]
[WhiteElo "2508"]
[BlackElo "2504"]
[PlyCount "102"]
[EventDate "2009.05.28"]

1. c4 Nf6 2. Nc3 e5 3. Nf3 Nc6 4. a3 e4 5. Ng5 Qe7 6. d3 exd3 7. e4 h6 8. Nf3
d5 9. cxd5 Nxe4 10. Be3 Nxc3 11. bxc3 Ne5 12. Bxd3 Ng4 13. O-O Nxe3 14. fxe3
Bd7 15. e4 g6 16. e5 Qc5+ 17. Kh1 Qxd5 18. Qe2 O-O-O 19. Bc4 Qc5 20. Bxf7 Bg7
21. Rab1 Bf5 22. Rbd1 Qxc3 23. e6 Rxd1 24. Qxd1 Qc2 25. Qxc2 Bxc2 26. Re1 Ba4
27. Nh4 Bc3 28. Rc1 Rd8 29. Nxg6 Rd2 30. h3 Bb2 31. Rc4 Bb3 32. e7 Re2 33. Rf4
Bxf7 34. Rxf7 Kd7 35. Rf8 Rxe7 36. Nxe7 Kxe7 37. Ra8 Bxa3 38. Rxa7 Bd6 39. g3
b5 40. Kg2 Ke6 41. Kf3 Kd5 42. g4 Kc4 43. h4 b4 44. g5 hxg5 45. hxg5 b3 46. g6
Be5 47. Rxc7+ Kd3 48. g7 Bxg7 49. Rxg7 b2 50. Rb7 Kc2 51. Rxb2+ Kxb2 1/2-1/2

[Event "TOP 16 Poule Haute"]
[Site "Le Port Marly FRA"]
[Date "2009.05.29"]
[Round "9"]
[White "Hamdouchi, H."]
[Black "Housieaux, D."]
[Result "1-0"]
[WhiteElo "2596"]
[BlackElo "2420"]
[PlyCount "59"]
[EventDate "2009.05.28"]

1. e4 c6 2. c4 g6 3. d4 Bg7 4. Nc3 d6 5. Be3 a6 6. h3 b5 7. Nf3 Nd7 8. Bd3 Qc7
9. a3 Ngf6 10. Rc1 Qb8 11. cxb5 axb5 12. Na2 Bb7 13. Nb4 c5 14. dxc5 dxc5 15.
Bxc5 O-O 16. Bxe7 Re8 17. Bxf6 Nxf6 18. O-O Nxe4 19. Bxb5 Re6 20. Bc4 Rd6 21.
Qe2 Qf8 22. Rfe1 Rad8 23. Nd3 Bf6 24. Qe3 Qg7 25. Qf4 g5 26. Qf5 Rxd3 27. Bxd3
Nd6 28. Qg4 Bc8 29. Qb4 g4 30. Qxd6 1-0

[Event "TOP 16 Poule Haute"]
[Site "Le Port Marly FRA"]
[Date "2009.05.29"]
[Round "9"]
[White "Kosten, A."]
[Black "Marcelin, C."]
[Result "1/2-1/2"]
[WhiteElo "2513"]
[BlackElo "2495"]
[PlyCount "33"]
[EventDate "2009.05.28"]

1. e4 e5 2. Nf3 Nc6 3. Bb5 Nf6 4. O-O Nxe4 5. Qe2 Nf6 6. d4 e4 7. Nc3 Be7 8.
Nxe4 Nxe4 9. Qxe4 d5 10. Qd3 Bd7 11. Bxc6 Bxc6 12. Ne5 Bd7 13. f4 f6 14. Nxd7
Qxd7 15. f5 O-O-O 16. Bf4 Bd6 17. Bxd6 1/2-1/2

[Event "TOP 16 Poule Haute"]
[Site "Le Port Marly FRA"]
[Date "2009.05.29"]
[Round "9"]
[White "Nguyen, C."]
[Black "Libiszewski, F."]
[Result "0-1"]
[WhiteElo "1782"]
[BlackElo "2505"]
[PlyCount "84"]
[EventDate "2009.05.28"]

1. d4 e6 2. c4 c5 3. d5 exd5 4. cxd5 d6 5. Nc3 g6 6. e4 Bg7 7. h3 Nf6 8. Nf3 a6
9. a4 Nbd7 10. Bg5 O-O 11. Be2 Qe7 12. Qc2 Ne5 13. Nxe5 Qxe5 14. f4 Qd4 15. Rd1
Qb4 16. O-O h6 17. Bxf6 Bxf6 18. e5 Bf5 19. Bd3 Bxd3 20. Qxd3 Bg7 21. Ne4 c4
22. Qf3 Qxb2 23. Nxd6 c3 24. Rb1 Qd2 25. Rbd1 Qb2 26. Qd3 Rad8 27. Nc4 Qb4 28.
Ne3 Qc5 29. Qd4 Rc8 30. Qe4 b5 31. axb5 axb5 32. Rb1 Ra8 33. Kh2 Ra4 34. Qd3
Rb8 35. Nc2 b4 36. Qd4 Qxd4 37. Nxd4 g5 38. Nc6 Rb6 39. Rb3 gxf4 40. Rfb1 Rxc6
41. dxc6 Bxe5 42. Kg1 c2 0-1

[Event "TOP 16 Poule Haute"]
[Site "Le Port Marly FRA"]
[Date "2009.05.29"]
[Round "9"]
[White "Dussol, P."]
[Black "Clery, N."]
[Result "0-1"]
[WhiteElo "2232"]
[BlackElo "2389"]
[PlyCount "80"]
[EventDate "2009.05.28"]

1. g3 d5 2. Bg2 c6 3. Nf3 Nf6 4. O-O Bf5 5. d3 h6 6. Nbd2 e6 7. b3 Be7 8. Bb2
O-O 9. Ne5 Nbd7 10. Nxd7 Nxd7 11. e4 Bh7 12. f4 dxe4 13. dxe4 Nf6 14. Qe2 Bb4
15. Nc4 Qe7 16. Rad1 Rad8 17. Rd3 Bc5+ 18. Kh1 Rxd3 19. cxd3 Rd8 20. Ne5 Bd4
21. Bxd4 Rxd4 22. Rc1 Qa3 23. Rc2 Rd8 24. h3 Qb4 25. Rc4 Qb6 26. Kh2 Ne8 27. h4
Nd6 28. Rc1 Qa5 29. Bh3 Nb5 30. Rg1 Nd4 31. Qh5 Rf8 32. Rg2 f6 33. b4 Qb5 34.
a4 Qxb4 35. Nd7 Rf7 36. Nb8 Qd6 37. Qa5 Qxb8 38. Qc5 Rd7 39. Rb2 b6 40. Qc3 Qd6
0-1

[Event "TOP 16 Poule Haute"]
[Site "Le Port Marly FRA"]
[Date "2009.05.29"]
[Round "9"]
[White "Van Heirzeele, D."]
[Black "Gelis, D."]
[Result "1/2-1/2"]
[WhiteElo "2189"]
[BlackElo "2124"]
[PlyCount "29"]
[EventDate "2009.05.28"]

1. d4 Nf6 2. c4 e5 3. dxe5 Ng4 4. Nf3 Nc6 5. Nc3 Ngxe5 6. Nxe5 Nxe5 7. e3 g6 8.
b3 Bg7 9. Bb2 d6 10. Be2 Bd7 11. O-O h5 12. f4 Ng4 13. Bf3 O-O 14. Qd2 Bc6 15.
e4 1/2-1/2

[Event "TOP 16 Poule Haute"]
[Site "Le Port Marly FRA"]
[Date "2009.05.29"]
[Round "9"]
[White "Benmesbah, N."]
[Black "Assad, K."]
[Result "1-0"]
[WhiteElo "2137"]
[BlackElo "2037"]
[PlyCount "43"]
[EventDate "2009.05.28"]

1. e4 e6 2. d4 c5 3. Nf3 d5 4. exd5 exd5 5. Bb5+ Bd7 6. Bxd7+ Nxd7 7. O-O Be7
8. Re1 Ngf6 9. Qe2 h6 10. Nc3 a6 11. Bf4 Kf8 12. dxc5 Nxc5 13. Rad1 Ne6 14. Be5
Nc7 15. Nh4 g6 16. Qf3 Kg7 17. Qg3 Rc8 18. Nf5+ Kh7 19. Nxe7 Qxe7 20. Bd6 Qd7
21. Re7 Qg4 22. Qxg4 1-0

[Event "TOP 16 Poule Haute"]
[Site "Le Port Marly FRA"]
[Date "2009.05.30"]
[Round "10"]
[White "Kazhgaleyev, M."]
[Black "Svidler, P."]
[Result "1-0"]
[WhiteElo "2626"]
[BlackElo "2726"]
[PlyCount "111"]
[EventDate "2009.05.28"]

1. d4 d5 2. c4 c6 3. Nc3 Nf6 4. Nf3 dxc4 5. a4 e6 6. e3 c5 7. Bxc4 Nc6 8. O-O
cxd4 9. exd4 Be7 10. Qe2 O-O 11. Rd1 Nb4 12. Bg5 Re8 13. Ne5 Bd7 14. Bb3 Rc8
15. a5 a6 16. Na4 Nfd5 17. Nc5 Bxg5 18. Nexd7 Be7 19. Ba4 Bxc5 20. dxc5 Re7 21.
Qe1 Qc7 22. Nb6 Rd8 23. Rac1 Nc6 24. Bb3 Ree8 25. h3 Nf4 26. Bc4 g6 27. Bf1 Rd4
28. g3 Nh5 29. Rxd4 Nxd4 30. Bg2 Nf6 31. b4 e5 32. Rd1 Nf5 33. Qc3 Re6 34. Qd2
e4 35. Qd8+ Qxd8 36. Rxd8+ Kg7 37. Nd5 Nxd5 38. Rxd5 Re7 39. Rd1 e3 40. fxe3
Nxg3 41. Rd6 Ne4 42. Rb6 f5 43. Bxe4 fxe4 44. c6 bxc6 45. Rxc6 Rb7 46. Rb6 Ra7
47. Kf2 g5 48. h4 gxh4 49. Kg2 Kf8 50. Kh3 Ke7 51. Kxh4 Kd8 52. Kg4 Kc8 53. Kf4
h5 54. Kxe4 h4 55. Rh6 Rb7 56. Rh8+ 1-0

[Event "TOP 16 Poule Haute"]
[Site "Le Port Marly FRA"]
[Date "2009.05.30"]
[Round "10"]
[White "Leconte, M."]
[Black "Chuchelov, V."]
[Result "0-1"]
[WhiteElo "2334"]
[BlackElo "2575"]
[PlyCount "54"]
[EventDate "2009.05.28"]

1. e4 c5 2. c3 d5 3. exd5 Qxd5 4. d4 Nf6 5. Na3 cxd4 6. Nb5 Na6 7. Qxd4 Qxd4 8.
Nxd4 e5 9. Nb3 Nd5 10. Bb5+ Bd7 11. Bxd7+ Kxd7 12. Nf3 f6 13. O-O Rc8 14. Rd1
Ke6 15. Bd2 Be7 16. Re1 Kf7 17. Re4 Rhd8 18. Rae1 b5 19. Rh4 h6 20. Na5 Nc5 21.
c4 bxc4 22. Rxc4 Nb6 23. Rc2 Nd3 24. Nc6 Rd6 25. Re3 Rdxc6 26. Rxc6 Rxc6 27.
Rxd3 e4 0-1

[Event "TOP 16 Poule Haute"]
[Site "Le Port Marly FRA"]
[Date "2009.05.30"]
[Round "10"]
[White "Relange, E."]
[Black "Govciyan, P."]
[Result "1/2-1/2"]
[WhiteElo "2482"]
[BlackElo "2412"]
[PlyCount "33"]
[EventDate "2009.05.28"]

1. d4 d5 2. c4 c6 3. Nf3 Nf6 4. Nc3 e6 5. Bg5 dxc4 6. e4 b5 7. e5 h6 8. Bh4 g5
9. Nxg5 hxg5 10. Bxg5 Nbd7 11. g3 Bb7 12. Bg2 Qb6 13. exf6 O-O-O 14. O-O Bh6
15. Bxh6 Rxh6 16. b3 cxb3 17. Qxb3 1/2-1/2

[Event "TOP 16 Poule Haute"]
[Site "Le Port Marly FRA"]
[Date "2009.05.30"]
[Round "10"]
[White "Milliet, S."]
[Black "Giroyan, G."]
[Result "1-0"]
[WhiteElo "2379"]
[BlackElo "2168"]
[PlyCount "53"]
[EventDate "2009.05.28"]

1. e4 c5 2. Nf3 d6 3. d4 cxd4 4. Nxd4 Nf6 5. Nc3 g6 6. Be3 Bg7 7. f3 O-O 8. Qd2
Nc6 9. Bc4 Bd7 10. O-O-O Ne5 11. Bb3 Rc8 12. h4 h5 13. Kb1 a6 14. Bg5 b5 15. g4
Nc4 16. Qg2 Qa5 17. Bxf6 Ne3 18. Qg3 Nxd1 19. Rxd1 exf6 20. gxh5 Rxc3 21. bxc3
b4 22. h6 Qa3 23. cxb4 Bxh6 24. Qxg6+ Bg7 25. Qg3 Kh8 26. Rg1 Bh6 27. Qxd6 1-0

[Event "TOP 16 Poule Haute"]
[Site "Le Port Marly FRA"]
[Date "2009.05.30"]
[Round "10"]
[White "Prie, E."]
[Black "Tregubov, P."]
[Result "0-1"]
[WhiteElo "2504"]
[BlackElo "2628"]
[PlyCount "80"]
[EventDate "2009.05.28"]

1. d4 d5 2. Bf4 c6 3. e3 Qb6 4. b3 Nf6 5. Bd3 c5 6. Nc3 Bg4 7. f3 Bd7 8. Nge2
e6 9. O-O Be7 10. g4 O-O 11. Qe1 cxd4 12. exd4 Rc8 13. a3 Nc6 14. Na4 Qd8 15.
Kg2 Be8 16. Bg3 Nd7 17. f4 Nf6 18. h3 Ne4 19. f5 exf5 20. Rxf5 Nxg3 21. Qxg3
Bd6 22. Qe3 Ne7 23. Rf2 Bxa4 24. bxa4 Ng6 25. Rb1 Qc7 26. Kh1 Re8 27. Qf3 Rad8
28. g5 Re7 29. Rb5 Rde8 30. Rxd5 Re3 31. Qf5 Nf8 32. Rb5 g6 33. Qg4 Ne6 34. h4
Ng7 35. Kg2 Nh5 36. Kf1 b6 37. Rf3 Qe7 38. Rxe3 Qxe3 39. Rb3 Ng3+ 40. Ke1 Qg1+
0-1

[Event "TOP 16 Poule Haute"]
[Site "Le Port Marly FRA"]
[Date "2009.05.30"]
[Round "10"]
[White "Pelletier, Y."]
[Black "Kosten, A."]
[Result "1-0"]
[WhiteElo "2559"]
[BlackElo "2513"]
[PlyCount "84"]
[EventDate "2009.05.28"]

1. d4 Nf6 2. c4 e6 3. Nf3 Bb4+ 4. Bd2 a5 5. g3 d6 6. Bg2 Nbd7 7. O-O e5 8. Be3
exd4 9. Bxd4 O-O 10. a3 Bc5 11. b3 Re8 12. Nc3 c6 13. Qc2 Qe7 14. e3 Bb6 15.
Rfe1 Bc7 16. e4 Ne5 17. Nh4 Ng6 18. Nf5 Bxf5 19. exf5 Qxe1+ 20. Rxe1 Rxe1+ 21.
Bf1 Ne5 22. Kg2 Re8 23. Be2 c5 24. Be3 Nc6 25. Qd2 Ra1 26. Qb2 Re1 27. Qd2 Ra1
28. Bd1 d5 29. cxd5 Be5 30. dxc6 Bxc3 31. Qxc3 Rxd1 32. c7 Nd5 33. Qxc5 Rc8 34.
Bd4 Nxc7 35. Qc3 f6 36. b4 Kh8 37. b5 Rg8 38. Bxf6 Nxb5 39. Qb3 Re1 40. Bb2 Nd6
41. f6 Nf5 42. Qc2 a4 1-0

[Event "TOP 16 Poule Haute"]
[Site "Le Port Marly FRA"]
[Date "2009.05.30"]
[Round "10"]
[White "Gelis, D."]
[Black "Skripchenko, A."]
[Result "1/2-1/2"]
[WhiteElo "2124"]
[BlackElo "2449"]
[PlyCount "81"]
[EventDate "2009.05.28"]

1. d4 Nf6 2. Bf4 g6 3. Nc3 d6 4. e4 c6 5. Qd2 Bg7 6. O-O-O b5 7. f3 O-O 8. Bh6
b4 9. Nce2 Qa5 10. Kb1 Be6 11. Nc1 Nbd7 12. h4 Rfb8 13. Bxg7 Kxg7 14. h5 Nf8
15. g4 Qc7 16. Nh3 c5 17. d5 Bd7 18. Bc4 Bb5 19. Bxb5 Rxb5 20. hxg6 fxg6 21.
Ng5 c4 22. Rh3 c3 23. Qh2 cxb2 24. Nb3 Qc4 25. Rh1 Rc8 26. Nxh7 Kf7 27. Nxf6
exf6 28. Rh7+ Ke8 29. Rxa7 Rbb8 30. Re1 Qc3 31. Qe2 g5 32. Rd1 Ng6 33. Rh1 Rc7
34. Rxc7 Qxc7 35. Nd4 Qc3 36. Nf5 Rb6 37. Qe3 Ra6 38. Qe2 Rb6 39. Qe3 Ra6 40.
Qxc3 bxc3 41. Rh7 1/2-1/2

[Event "TOP 16 Poule Haute"]
[Site "Le Port Marly FRA"]
[Date "2009.05.30"]
[Round "10"]
[White "Rabineau, C."]
[Black "Benmesbah, N."]
[Result "1-0"]
[WhiteElo "2254"]
[BlackElo "2137"]
[PlyCount "65"]
[EventDate "2009.05.28"]

1. e4 c5 2. Nf3 d6 3. Bc4 Nf6 4. d3 Nc6 5. c3 e6 6. Bb3 Be7 7. O-O O-O 8. Re1
e5 9. h3 b5 10. Nbd2 Qc7 11. Nf1 Rd8 12. Ng5 Rf8 13. Ne3 h6 14. Nf3 Be6 15.
Bxe6 fxe6 16. Qb3 Nd8 17. Qxb5 Nh5 18. Qc4 Nf4 19. Nh2 Kh8 20. d4 Bh4 21. g3
Nxh3+ 22. Kg2 exd4 23. Kxh3 Rxf2 24. Nef1 Nc6 25. Qxe6 Raf8 26. Bf4 R2xf4 27.
gxf4 Bxe1 28. Rxe1 Rxf4 29. cxd4 Nxd4 30. Qe8+ Kh7 31. Ne3 Qa5 32. Rg1 Qd2 33.
Qg6+ 1-0

[Event "TOP 16 Poule Haute"]
[Site "Le Port Marly FRA"]
[Date "2009.05.30"]
[Round "10"]
[White "Krasenkow, M."]
[Black "Sokolov, And1"]
[Result "1-0"]
[WhiteElo "2622"]
[BlackElo "2558"]
[PlyCount "59"]
[EventDate "2009.05.28"]

1. Nf3 Nf6 2. d4 e6 3. c4 b6 4. a3 Bb7 5. Nc3 d5 6. cxd5 Nxd5 7. Qc2 Be7 8. e4
Nxc3 9. bxc3 O-O 10. Bd3 c5 11. O-O Qc7 12. Qe2 Nc6 13. d5 Na5 14. Bc2 e5 15.
c4 Ba6 16. Nd2 Bg5 17. f4 Bxf4 18. Rxf4 exf4 19. e5 f6 20. d6 Qd7 21. Qe4 g6
22. Qd5+ Kg7 23. exf6+ Rxf6 24. Bb2 Raf8 25. Ne4 Nxc4 26. Nxf6 Rxf6 27. Re1
Nxb2 28. Re7+ Qxe7 29. dxe7 Bb5 30. Bb3 1-0

[Event "TOP 16 Poule Haute"]
[Site "Le Port Marly FRA"]
[Date "2009.05.30"]
[Round "10"]
[White "Riff, JN."]
[Black "Cornette, M."]
[Result "1/2-1/2"]
[WhiteElo "2507"]
[BlackElo "2573"]
[PlyCount "45"]
[EventDate "2009.05.28"]

1. e4 e6 2. d4 d5 3. Nc3 Bb4 4. e5 c5 5. a3 Bxc3+ 6. bxc3 Ne7 7. Qg4 Qc7 8.
Qxg7 Rg8 9. Qxh7 cxd4 10. Ne2 Nbc6 11. f4 dxc3 12. Qd3 Bd7 13. Rb1 d4 14. Nxd4
Nxd4 15. Qxd4 Nf5 16. Qf2 Bc6 17. Rg1 O-O-O 18. Qxa7 Nd4 19. Bd3 Bxg2 20. Qa8+
Kd7 21. Qa4+ Kc8 22. Qa8+ Kd7 23. Qa4+ 1/2-1/2

[Event "TOP 16 Poule Haute"]
[Site "Le Port Marly FRA"]
[Date "2009.05.30"]
[Round "10"]
[White "Cossin, S."]
[Black "Fargere, Fr"]
[Result "1-0"]
[WhiteElo "2471"]
[BlackElo "2459"]
[PlyCount "81"]
[EventDate "2009.05.28"]

1. e4 c5 2. Nf3 d6 3. d4 cxd4 4. Nxd4 Nf6 5. Nc3 a6 6. Be3 e5 7. Nb3 Be6 8. Qd2
Be7 9. f3 O-O 10. O-O-O Nbd7 11. g4 b5 12. g5 b4 13. Ne2 Ne8 14. f4 a5 15. f5
Bxb3 16. cxb3 a4 17. Ng3 axb3 18. axb3 Qb8 19. Kb1 Bd8 20. Bc4 Bb6 21. g6 Kh8
22. gxf7 Nef6 23. Bxb6 Qxb6 24. Qxd6 Qa7 25. Qxb4 Nc5 26. Qc3 Ncxe4 27. Nxe4
Nxe4 28. Qxe5 Nd2+ 29. Rxd2 Qa1+ 30. Kc2 Qxh1 31. f6 g6 32. Rd1 Qg2+ 33. Kb1
Qg4 34. Rc1 Qf3 35. Rf1 Qb7 36. h4 Qg2 37. Re1 Qh3 38. h5 Qg4 39. hxg6 Qxg6+
40. Qe4 Qxf6 41. Qxa8 1-0

[Event "TOP 16 Poule Haute"]
[Site "Le Port Marly FRA"]
[Date "2009.05.30"]
[Round "10"]
[White "Dourerassou, J."]
[Black "Fischer, Marc FRA"]
[Result "1/2-1/2"]
[WhiteElo "2416"]
[BlackElo "2213"]
[PlyCount "137"]
[EventDate "2009.05.28"]

1. e4 e6 2. d4 d5 3. Nc3 Nf6 4. e5 Nfd7 5. f4 c5 6. Nf3 Nc6 7. Be3 Rb8 8. Qd2
Qa5 9. Be2 b5 10. O-O b4 11. Nd1 cxd4 12. Nxd4 Nxd4 13. Bxd4 Bc5 14. Ne3 Ba6
15. Bxa6 Qxa6 16. f5 Qb6 17. fxe6 fxe6 18. c3 bxc3 19. bxc3 Rf8 20. Qd3 g6 21.
Rfb1 Qc7 22. Rxb8+ Qxb8 23. Rb1 Qc8 24. Ng4 Kf7 25. h4 h5 26. Nf2 Kg7 27. Qe3
Rf5 28. Nd3 Be7 29. Nf4 Nf8 30. Bxa7 Bxh4 31. Rb8 Qc4 32. Rb4 Qxa2 33. Bc5 Kg8
34. Bxf8 Rxf8 35. Kh2 Bg5 36. Qg3 Bxf4 37. Rxf4 Rxf4 38. Qxg6+ Kf8 39. Qh6+ Ke8
40. Qxf4 Qa7 41. Qg5 Qf7 42. Kg3 Kd7 43. Kh4 Kc6 44. Qxh5 Qf4+ 45. Kh3 Kc5 46.
Qe2 d4 47. cxd4+ Kxd4 48. g4 Qxe5 49. Qd2+ Ke4 50. Qb4+ Kf3 51. Qb3+ Kf4 52.
Qg3+ Ke4 53. Qe1+ Kd4 54. Qf2+ Ke4 55. Qf7 Qh8+ 56. Kg3 Qh6 57. Qb7+ Ke5 58.
Qb2+ Kd6 59. Qb4+ Ke5 60. Qc3+ Kd6 61. Qd4+ Ke7 62. Qe5 Qf6 63. Qc7+ Kf8 64.
Qc5+ Kg7 65. Qe3 Kg6 66. Kh3 Qh8+ 67. Kg2 Qa8+ 68. Kg3 Qb8+ 69. Kf3 1/2-1/2

[Event "TOP 16 Poule Haute"]
[Site "Le Port Marly FRA"]
[Date "2009.05.30"]
[Round "10"]
[White "Muller, Ann"]
[Black "Guilleux, F."]
[Result "0-1"]
[WhiteElo "2163"]
[BlackElo "2313"]
[PlyCount "136"]
[EventDate "2009.05.28"]

1. e4 c5 2. Nf3 d6 3. d4 cxd4 4. Nxd4 Nf6 5. Nc3 Nc6 6. Be2 e5 7. Nf3 h6 8. O-O
Be7 9. Re1 O-O 10. b3 Be6 11. Bb2 a6 12. a4 Rc8 13. Bf1 Qc7 14. Nd5 Bxd5 15.
exd5 Nb4 16. c4 a5 17. Nd2 Nh7 18. Ne4 f5 19. Nc3 Qd7 20. Nb5 Bd8 21. Kh1 Nf6
22. f3 Bb6 23. Nc3 Bc5 24. Rc1 Kh8 25. Bd3 Nh5 26. Bf1 Qd8 27. g3 Qg5 28. Kg2
Nf4+ 29. Kh1 Nh5 30. Kg2 Be3 31. Rb1 Nf4+ 32. Kh1 Bf2 33. Bc1 Qg6 34. Be3 Bxe1
35. Qxe1 Nfd3 36. Qd2 f4 37. gxf4 Nxf4 38. Ne4 Nh5 39. Bg2 Nf6 40. Bb6 Nxe4 41.
fxe4 Rf4 42. Re1 Rcf8 43. Bg1 Qg4 44. Re3 Qh4 45. Qc3 Qe7 46. Rg3 Qc7 47. Be3
R4f6 48. Bh3 Na6 49. Qc2 Nc5 50. Bf5 b6 51. Bg1 Qf7 52. Qg2 Qe7 53. Qc2 Kg8 54.
Qb1 Qe8 55. Qc2 g6 56. Bh3 Kh7 57. Bg2 R8f7 58. Be3 Qf8 59. Kg1 Rf4 60. Bxf4
Rxf4 61. Qe2 Qf6 62. Re3 h5 63. Qe1 h4 64. b4 axb4 65. Qxb4 Rf2 66. Qe1 Ra2 67.
Rf3 Qg5 68. Rf2 Nd3 0-1